100 Greatest Starting Pitchers of All Time - Statistics

General Stats
  • This quiz has been taken 134 times
  • The average score is 42 of 100
Answer Stats
Answer % Correct
5 Randy Johnson
97%
1 Walter Johnson
96%
85 Tommy John
95%
37 Nolan Ryan
92%
9 Greg Maddux
90%
2 Roger Clemens
89%
30 Sandy Koufax
86%
7 Pedro Martinez
85%
11 Cy Young
84%
20 Clayton Kershaw
83%
19 Justin Verlander
81%
10 Bob Gibson
79%
54 John Smoltz
79%
8 Tom Seaver
79%
26 Max Scherzer
78%
47 Tom Glavine
78%
80 Whitey Ford
72%
59 C.C. Sabathia
71%
35 Jim Palmer
67%
6 Christy Mathewson
65%
69 Andy Pettitte
63%
23 Roy Halladay
63%
16 Steve Carlton
63%
75 Felix Hernandez
61%
3 Lefty Grove
61%
12 Phil Niekro
61%
88 Dwight Gooden
60%
21 Curt Schilling
59%
51 Don Drysdale
58%
17 Warren Spahn
58%
24 Bob Feller
57%
49 David Cone
56%
31 Kevin Brown
56%
44 Mordecai Brown
56%
27 Juan Marichal
55%
22 Fergie Jenkins
54%
4 Pete Alexander
54%
13 Gaylord Perry
53%
29 Mike Mussina
53%
82 Orel Hershiser
53%
76 Don Sutton
52%
87 Vida Blue
50%
15 Bert Blyleven
49%
41 Bret Saberhagen
47%
57 Chris Sale
46%
42 Johan Santana
46%
18 Robin Roberts
46%
66 Dizzy Dean
43%
34 Zach Greinke
42%
77 Cliff Lee
40%
43 Luis Tiant
39%
38 Carl Hubbell
36%
74 Ron Guidry
36%
90 Mickey Lolich
35%
39 Wilbur Wood
35%
40 Jim Bunning
32%
36 Dazzy Vance
29%
78 Jerry Koosman
29%
89 Larry Jackson
29%
61 Roy Oswalt
29%
100 Jim Kaat
28%
84 Lefty Gomez
27%
72 Sam McDowell
27%
68 Cole Hamels
25%
71 Frank Viola
25%
33 Eddie Plank
24%
28 Hal Newhouser
24%
60 Vic Willis
24%
14 Ed Walsh
23%
53 | 55 Chuck Finley
22%
64 Tim Hudson
22%
70 Frank Tanana
19%
79 Mark Buehrle
19%
97 Corey Kluber
18%
91 Steve Rodgers
18%
99 Brandon Webb
17%
83 Jimmy Key
17%
32 Rube Waddell
17%
86 Ted Lyons
17%
56 Addie Joss
14%
48 Dave Steib
13%
50 Kevin Appier
13%
46 Rick Reuschel
13%
65 Billy Pierce
10%
95 Jon Matlack
10%
73 Mark Langston
10%
98 Brad Radke
6%
58 Joe McGinnity
6%
93 Babe Adams
5%
81 Hippo Vaughn
5%
52 Red Faber
5%
45 Eddie Cicotte
4%
25 Stan Coveleski
4%
63 Urban Shocker
4%
94 Eddie Rommel
3%
96 Jack Chesbro
3%
92 Dizzy Trout
2%
62 Nap Rucker
2%
67 Wes Farrell
2%
No matching quizzes found
Score Distribution
Percent of People with Each Score
Percentile by Number Answered
Your Score History
You have not taken this quiz